| 000 | nam a22 a 4500 | ||
|---|---|---|---|
| 999 |
_c1259 _d1259 |
||
| 003 | AKMAL | ||
| 005 | 20170509084605.0 | ||
| 008 | 170509s1999 my 00 may d | ||
| 020 |
_a9830462218 (kkt.): _cRM6.00 |
||
| 040 | _aAKMAL | ||
| 082 | 0 | 4 |
_a297.57 ABD _221 |
| 090 | 0 | 0 |
_a297.57 _bABD |
| 100 | 0 |
_aAbdul Fatah A.G. _92497 |
|
| 245 | 1 | 0 |
_aNilai waktu dalam kehidupan insan / _cAbdul Fattah A G |
| 260 |
_aKuala Lumpur : _bDarul Nu'man, _c1999 |
||
| 300 | 0 | 0 |
_axii, 130ms. ; _c21cm |
| 500 | _aMengandungi ayat-ayat dari Quran | ||
| 504 | _aBibliografi: ms. 121-130 | ||
| 650 | 0 |
_aTime _xReligious aspects _xIslam _92398 |
|
| 650 | 0 |
_aTime management _xReligious aspects _xIslam _92498 |
|
| 650 | 0 |
_aMuslims _xTime management _92499 |
|
| 942 |
_2ddc _cBOOK |
||